¿Existe la salud mental? (Record no. 79554)

MARC details
000 -CABECERA
campo de control de longitud fija 00496nam a2200193 a 4500
005 - FECHA Y HORA DE LA ÚLTIMA TRANSACCIÓN
campo de control 20210223124048.0
008 - ELEMENTOS DE LONGITUD FIJA--INFORMACIÓN GENERAL
campo de control de longitud fija 991125n 000 0 spa u
035 ## - NÚMERO DE CONTROL DEL SISTEMA
Número de control de sistema UPN01000105606
100 ## - ASIENTO PRINCIPAL--NOMBRE PERSONAL
Nombre de persona GUINSBERG, Enrique
9 (RLIN) 42917
222 ## - TÍTULO CLAVE
Título clave REVISTA CONAFE : EDUCACIÓN Y CULTURA
245 ## - MENCIÓN DE TÍTULO
Título ¿Existe la salud mental?
300 ## - DESCRIPCIÓN FÍSICA
Extensión 34-39
362 ## - FECHAS DE PUBLICACIÓN Y/O DESIGNACIÓN SECUENCIAL
Fecha de publicación y/o designación secuencial 1992 No. 5, ene.-mar.
653 0# - TERMINO DE INDIZACION - NO CONTROLADO
Término no controlado PSICOLOGIA
653 0# - TERMINO DE INDIZACION - NO CONTROLADO
Término no controlado SALUD
653 0# - TERMINO DE INDIZACION - NO CONTROLADO
Término no controlado SALUD MENTAL
904 ## - ELEMENTOS DE DATOS D LOCAL, LDD (RLIN)
a AC
b 043417
905 ## - TIPO DE MATERIAL
Tipo de material Articulo

No items available.